00696nam a2200229Ia 4500001000600000003000900006008004100015040001300056040001300069041001300082100002000095100002800115245004700143245007300190250001100263260000900274260002000283260004900303300005900352650002400411650003100435 6700IT-RoPAU130308s9999 xx 000 0 und d aIT-RoPAU cIT-RoPAU aITALIANO aSutherland Zena gCodice Aut. SPICS: 917 aAttuali recensioni di libri per l'infanzia bGenitori, ragazzi e Libri-Prospettive psicosociologiche ed Estetiche a1a ed. aROMA bArmando Armando c1970 [1° Ed.:1970 - Ed.Ling.Originale:1967] a"13 p. (prefazione: no ; testo: 13 [pagine: 203-215])" aEDUCAZIONE AL LIBRO eCodice materia Spics: 6612